Online Catalogue and eLibrary

Reproductive Rights and Wrongs: (Record no. 5961)

MARC details
000 -LEADER
fixed length control field 00627pam a2200229 a 4500
001 - CONTROL NUMBER
control field 3825877
005 - DATE AND TIME OF LATEST TRANSACTION
control field 20250127051038.0
008 - FIXED-LENGTH DATA ELEMENTS--GENERAL INFORMATION
fixed length control field 861007s1987 nyu b 001 0 eng
020 ## - INTERNATIONAL STANDARD BOOK NUMBER
ISBN 0060961716
040 ## - CATALOGING SOURCE (பட்டியலாக்க மூலம்)
Original cataloging agency DLC
Transcribing agency DLC
Modifying agency DLC
082 00 - DDC Classification
Class No. 304.6
DDC Edition Number 6889
Item Number - Author Mark HAR
100 1# - MAIN ENTRY--PERSONAL NAME
Personal name Hartmann, B
245 10 - TITLE STATEMENT
Title Reproductive Rights and Wrongs:
Remainder of title The Global Politics of Population Control & Contraceptive Choice
260 ## - PUBLICATION, DISTRIBUTION, ETC.
Place of publication, distribution, etc. New York :
Name of publisher, distributor, etc. Harper & Row,
Date of publication, distribution, etc. 1987
300 ## - PHYSICAL DESCRIPTION
Extent (e.g. Volumes, Pages etc.) xv, 368 p.,
650 #0 - SUBJECT ADDED ENTRY--TOPICAL TERM
Topical term or geographic name entry element Reproductive rights.
650 #0 - SUBJECT ADDED ENTRY--TOPICAL TERM
Topical term or geographic name entry element Women
650 #0 - SUBJECT ADDED ENTRY--TOPICAL TERM
Topical term or geographic name entry element Contraceptive
650 #0 - SUBJECT ADDED ENTRY--TOPICAL TERM
Topical term or geographic name entry element Birth Control
650 #0 - SUBJECT ADDED ENTRY--TOPICAL TERM
Topical term or geographic name entry element Population
942 ## - Koha item type (Biblio)
Koha item type Books in Stacks (Lending)
Holdings
Lost status Damaged status Collection code Home library Current library Date acquired Full call number Accession Number Item type
    Lending WERC Library WERC Library 01/27/2025 304.6 HAR 6889 Books in Stacks (Lending)

© WERC Library